CAD/CAM (Record no. 77982)
[ view plain ]
| 000 -LEADER | |
|---|---|
| fixed length control field | 01114nam a2200241 a 4500 |
| 008 - FIXED-LENGTH DATA ELEMENTS--GENERAL INFORMATION | |
| fixed length control field | 120416s1991 ||||||||||||||||| || u |
| 020 ## - INTERNATIONAL STANDARD BOOK NUMBER | |
| International Standard Book Number | 0074639919 |
| 050 ## - LIBRARY OF CONGRESS CALL NUMBER | |
| Classification number | TS 155.6 Zei |
| 100 ## - MAIN ENTRY--PERSONAL NAME | |
| Personal name | Zeid, Ibrahim |
| 245 10 - TITLE STATEMENT | |
| Title | CAD/CAM |
| 246 ## - | |
| -- | theory and practice |
| 260 ## - PUBLICATION, DISTRIBUTION, ETC. | |
| Place of publication, distribution, etc. | New Delhi |
| Name of publisher, distributor, etc. | Tata McGraw-Hill |
| Date of publication, distribution, etc. | 1991 |
| 300 ## - PHYSICAL DESCRIPTION | |
| Extent | xxvi ; 1052p. ; ill. |
| 350 ## - | |
| -- | 0.00 |
| 490 ## - | |
| -- | McGraw-Hill series in mechanical engineering |
| 650 ## - SUBJECT ADDED ENTRY--TOPICAL TERM | |
| Topical term or geographic name entry element | ENGINEERING |
| 650 ## - SUBJECT ADDED ENTRY--TOPICAL TERM | |
| Topical term or geographic name entry element | CAD/CAM SYSTEMS |
| 856 ## - ELECTRONIC LOCATION AND ACCESS | |
| Uniform Resource Identifier | http://www.loc.gov/catdir/toc/mh023/90042281.html |
| 856 ## - ELECTRONIC LOCATION AND ACCESS | |
| Uniform Resource Identifier | http://www.loc.gov/catdir/description/mh022/90042281.html |
| 995 ## - | |
| -- | MAIN LIBRARY OPEN ACCESS |
| -- | 0.00 |
| -- | 732452 |
| -- | CBU-MAIN LIBRARY (Kitwe) |
| -- | 3 |
| -- | 24.00 |
| -- | TS 155.6 Zei |
| -- | 3 |
| -- | AVAILABLE |
| -- | 029634 |
| -- | Main Library Open Access Collection |
| 995 ## - | |
| -- | ANNEX COLLECTION (Main Library) |
| -- | 0.00 |
| -- | 732451 |
| -- | CBU-MAIN LIBRARY (Kitwe) |
| -- | 1 |
| -- | 24.00 |
| -- | TS 155.6 Zei |
| -- | 1 |
| -- | AVAILABLE |
| -- | 029633 |
| -- | Annex Low-Usage Collection |
| 995 ## - | |
| -- | MAIN LIBRARY OPEN ACCESS |
| -- | 0.00 |
| -- | 732450 |
| -- | CBU-MAIN LIBRARY (Kitwe) |
| -- | 2 |
| -- | 24.00 |
| -- | TS 155.6 Zei |
| -- | 2 |
| -- | AVAILABLE |
| -- | 029635 |
| -- | Main Library Open Access Collection |
| 999 ## - | |
| -- | 77982 |
| -- | 77982 |
| Withdrawn status | Lost status | Source of classification or shelving scheme | Damaged status | Not for loan | Permanent Location | Current Location | Shelving location | Date acquired | Total Checkouts | Full call number | Barcode | Date last seen | Copy number | Price effective from | Koha item type |
|---|---|---|---|---|---|---|---|---|---|---|---|---|---|---|---|
| CBU-MAIN LIBRARY, KITWE. | CBU-MAIN LIBRARY, KITWE. | 05/03/2023 | TS 155.6 Zei | 029634 | 05/03/2023 | 1 | 05/03/2023 | MONOGRAPH | |||||||
| CBU-MAIN LIBRARY, KITWE. | CBU-MAIN LIBRARY, KITWE. | 05/03/2023 | TS 155.6 Zei | 029633 | 05/03/2023 | 2 | 05/03/2023 | MONOGRAPH | |||||||
| CBU-MAIN LIBRARY, KITWE. | CBU-MAIN LIBRARY, KITWE. | 05/03/2023 | TS 155.6 Zei | 029635 | 05/03/2023 | 3 | 05/03/2023 | MONOGRAPH |